[Event "HSG/BUE-ch"]
[Site "Hamburg"]
[Date "2003.09.19"]
[Round "10"]
[White "Eusch, Johann"]
[Black "Kling, Guenter"]
[Result "1-0"]
[WhiteElo "1589"]
[BlackElo "1725"]
[PlyCount "61"]
[EventDate "2003.07.04"]
[EventType "swiss"]
[EventRounds "18"]
[EventCountry "GER"]
[SourceTitle "EXT 2009"]
[Source "ChessBase"]
[SourceDate "2008.11.26"]
[SourceVersion "1"]
[SourceVersionDate "2008.11.26"]
[SourceQuality "1"]

1. d4 d5 2. g3 e6 3. Nf3 Nf6 4. Bg2 c5 5. e3 Nbd7 6. 0-0 Be7 7. Nbd2 b5 8. c3 a5 9. a3 0-0 10. b3 Bb7 11. Re1 Nb6 12. Bb2 c4 13. a4 b4 14. cxb4 Bxb4 15. Ba3 Bxa3 16. Rxa3 Qd6 17. Ra2 cxb3 18. Nxb3 Ne4 19. Rc2 Nxa4 20. Qa1 Qb4 21. Nbd2 Nxd2 22. Nxd2 Nb6 23. Rb1 Qd6 24. Qb2 Nc4 25. Nxc4 dxc4 26. Bxb7 Qb4 27. Qc1 Qxb1 28. Qxb1 Rab8 29. Rxc4 Rfd8 30. Rc7 g6 31. Qe4 1-0

[Event "HSG/BUE-ch"]
[Site "Hamburg"]
[Date "2003.07.18"]
[Round "3"]
[White "Kling, Guenter"]
[Black "Runge, Hans"]
[Result "1/2-1/2"]
[WhiteElo "1725"]
[BlackElo "1878"]
[PlyCount "69"]
[EventDate "2003.07.04"]
[EventType "swiss"]
[EventRounds "18"]
[EventCountry "GER"]
[SourceTitle "EXT 2009"]
[Source "ChessBase"]
[SourceDate "2008.11.26"]
[SourceVersion "1"]
[SourceVersionDate "2008.11.26"]
[SourceQuality "1"]

1. d4 Nf6 2. c4 e6 3. Nc3 Bb4 4. Bd2 d5 5. e3 0-0 6. Nf3 c5 7. a3 cxd4 8. axb4 dxc3 9. Bxc3 Ne4 10. Qd4 Nxc3 11. Qxc3 Nd7 12. cxd5 exd5 13. Be2 Nf6 14. 0-0 Bg4 15. Qd4 a5 16. bxa5 Rxa5 17. b4 Rxa1 18. Rxa1 Qc7 19. Qd1 Rc8 20. Nd4 Bxe2 21. Nxe2 Qc4 22. Rc1 Qg4 23. f3 Rxc1 24. Qxc1 Qc4 25. Qe1 g5 26. Nd4 g4 27. Nf5 h5 28. h3 Qd3 29. hxg4 hxg4 30. Nh6+ Kg7 31. Nxg4 Nxg4 32. fxg4 Qe4 33. Qc3+ Kg6 34. Qd4 Qxd4 35. exd4 1/2-1/2